MARC

Tag First Indicator Second Indicator Subfields
LEADER 00000cam a2200000Ii 4500
001 in00003774577
005 20160510113237.0
008 160401t20162016caua b 000 0 eng d
035 |a (OCoLC)ocn945947420 
040 |a BTCTA  |b eng  |e rda  |c BTCTA  |d YDXCP  |d BDX  |d AZS  |d OCLCF  |d TXA 
020 |a 9780833093127 
020 |a 0833093126 
043 |a n-us--- 
090 |a HD2741  |b .A25 2016 
049 |a TXAM 
100 1 |a Ablon, Lillian,  |e author. 
245 1 0 |a Consumer attitudes toward data breach notifications and loss of personal information /  |c Lillian Ablon, Paul Heaton, Diana Catherine Lavery, Sasha Romanosky. 
264 1 |a Santa Monica, Calif. :  |b Rand Corporation,  |c [2016] 
264 4 |c ©2016 
300 |a xv, 61 pages :  |b color illustrations ;  |c 23 cm. 
336 |a text  |b txt  |2 rdacontent 
337 |a unmediated  |b n  |2 rdamedia 
338 |a volume  |b nc  |2 rdacarrier 
490 1 |a [Research report] ;  |v RR-1187-ICJ 
504 |a Includes bibliographical references (pages 57-61). 
530 |a Also issued online. 
650 0 |a Disclosure of information  |z United States. 
650 0 |a Data protection  |z United States. 
650 0 |a Identity theft  |z United States. 
650 0 |a Consumer protection  |z United States. 
650 0 |a Consumers  |z United States  |x Attitudes. 
650 0 |a Computer crimes  |z United States. 
650 0 |a Computer security  |z United States. 
650 7 |a Computer crimes.  |2 fast  |0 (OCoLC)fst00872063 
650 7 |a Computer security.  |2 fast  |0 (OCoLC)fst00872484 
650 7 |a Consumer protection.  |2 fast  |0 (OCoLC)fst00876358 
650 7 |a Consumers  |x Attitudes.  |2 fast  |0 (OCoLC)fst00876411 
650 7 |a Data protection.  |2 fast  |0 (OCoLC)fst00887958 
650 7 |a Disclosure of information.  |2 fast  |0 (OCoLC)fst00894870 
650 7 |a Identity theft.  |2 fast  |0 (OCoLC)fst01201137 
651 7 |a United States.  |2 fast  |0 (OCoLC)fst01204155 
710 2 |a Rand Corporation,  |e publisher. 
830 0 |a Research report (Rand Corporation) ;  |v RR-1187-ICJ. 
948 |a cataloged  |b h  |c 2016/5/10  |d c  |e ceaton  |f 11:32:14 am 
994 |a C0  |b TXA 
999 f f |s e46eb22b-240e-3ab0-8580-9ea113bddd5a  |i c1de9a96-52ff-3ba5-a7c6-8485b80f9a4c  |t 0 
952 f f |p normal  |a Texas A&M University  |b College Station  |c Sterling C. Evans Library  |d Evans: Library Stacks  |t 0  |e HD2741 .A25 2016  |h Library of Congress classification  |i unmediated -- volume  |m A14843500910 
998 f f |a HD2741 .A25 2016  |t 0  |l Evans: Library Stacks